000 00600nam a2200229Ia 4500
999 _c49455
_d49455
001 16378
003 GE_BSU
005 20240528122147.0
008 181216s2008||||enk|||||||||||||| ||eng||
020 _a9780815341451x
040 _cGE_BSU
041 _aeng
080 _a616.67 G-30
100 _aGeha, Raif
_922202
245 _aCase studies in immunology a clinical companion /
_cRaif Geha.
250 _aFIFTH EDION
264 _aNew York :
_bGarland science,
_c2008.
300 _a344 p.;
_bill;
_c29 cm.
541 _h82Gel
653 _aიმუნოლოგია
942 _cBK
_2udc